000 00880nam a2200241 a 4500
001 000021262
005 20240305131111.0
008 100903s2000 dr ac 001 0bspa d
040 _aDO-SdBNP
_bspa
_cBNPHU
082 _a922.2
_bT183S
100 1 _aArmenteros Sangiovanni, María
_944440
245 1 0 _aEmiliano Tardif :
_bun hombre de Dios /
_cMaría A. Sangiovanni.
260 _aSanto Domingo :
_bAmigo del Hogar,
_c2000.
300 _a291 p. :
_bil., retrs. ;
_c23 cm.
500 _aIncluye datos biográficos de la autora en la contraportada.
600 1 0 _aTardif, Emiliano,
_d1928-1999
_935030
650 4 _aMisioneros del sagrado corazón
_xBiografías
_944442
650 4 _aMisioneros canadienses
_944443
650 4 _aMedicina y religión
_96933
650 4 _aMovimiento carismático
_xBiografías
_944444
910 _aValidado. Control de calidad EMS.
049 _aBNPD
999 _c20762
_d20762